Paediatric Nursing. (Record no. 151981)

MARC details
000 -LEADER
fixed length control field 00374nam a2200145Ia 4500
008 - FIXED-LENGTH DATA ELEMENTS--GENERAL INFORMATION
fixed length control field 230411s9999 xx 000 0 und d
020 ## - INTERNATIONAL STANDARD BOOK NUMBER
International Standard Book Number 81-86361-21-9
041 ## - LANGUAGE CODE
Language code of text/sound track or separate title eng
082 ## - DEWEY DECIMAL CLASSIFICATION NUMBER
Classification number P/610.7362/TAM/B00512
100 ## - MAIN ENTRY--PERSONAL NAME
Personal name Tambulwadkar R
245 ## - TITLE STATEMENT
Title Paediatric Nursing.
260 ## - PUBLICATION, DISTRIBUTION, ETC. (IMPRINT)
Name of publisher, distributor, etc. Vora Medical Publications
Place of publication, distribution, etc. Mumbai
Date of publication, distribution, etc. 2005
300 ## - PHYSICAL DESCRIPTION
Extent 321p
Holdings
Withdrawn status Lost status Damaged status Not for loan Collection code Home library Current library Date acquired Vendor Cost, normal purchase price Bill number Total Checkouts Full call number Barcode Date last seen Cost, replacement price Bill Date Koha item type Original Barcode Total Renewals Date last checked out Source of classification or shelving scheme
          Smt. Bakul Tambat Institute of Nursing Education Smt. Bakul Tambat Institute of Nursing Education 10/11/2001 S.K.Kothari,Pune. 120.00 670   P 610.7362 TAM B00512 BTIN-BK-512 11/04/2023 120.00 28/07/2006 Books B00512      
          Smt. Bakul Tambat Institute of Nursing Education Smt. Bakul Tambat Institute of Nursing Education 13/02/2002 A.D.Kansara Pune. 100.00 670   P 610.7362 TAM B00585 BTIN-BK-585 11/04/2023 100.00 28/07/2006 Books B00585      
          Smt. Bakul Tambat Institute of Nursing Education Smt. Bakul Tambat Institute of Nursing Education 28/07/2006 B.J.Medical Co-oprative College Stores 140.00 670   P 610.7362 TAM B03475 BTIN-BK-3475 11/04/2023 102.00 28/07/2006 Books B03475      
          Smt. Bakul Tambat Institute of Nursing Education Smt. Bakul Tambat Institute of Nursing Education 28/07/2006 B.J.Medical Co-oprative College Stores 140.00 670   P 610.7362 TAM B03476 BTIN-BK-3476 11/04/2023 140.00 28/07/2006 Books B03476      
          Smt. Bakul Tambat Institute of Nursing Education Smt. Bakul Tambat Institute of Nursing Education 28/07/2006 B.J.Medical Co-oprative College Stores 140.00 670   P 610.7362 TAM B03477 BTIN-BK-3477 11/04/2023 140.00 28/07/2006 Books B03477      
          Smt. Bakul Tambat Institute of Nursing Education Smt. Bakul Tambat Institute of Nursing Education 28/07/2006 B.J.Medical Co-oprative College Stores 140.00 670   P 610.7362 TAM B03478 BTIN-BK-3478 11/04/2023 140.00 28/07/2006 Books B03478      
          Smt. Bakul Tambat Institute of Nursing Education Smt. Bakul Tambat Institute of Nursing Education 28/07/2006 B.J.Medical Co-oprative College Stores 140.00 670   P 610.7362 TAM B03479 BTIN-BK-3479 11/04/2023 140.00 28/07/2006 Books B03479      
          Smt. Bakul Tambat Institute of Nursing Education Smt. Bakul Tambat Institute of Nursing Education 28/07/2006 B.J.Medical Co-oprative College Stores 140.00 670 2 P 610.7362 TAM B03481 BTIN-BK-3481 19/12/2023 140.00 28/07/2006 Books B03481 1 02/12/2023  
          Smt. Bakul Tambat Institute of Nursing Education Smt. Bakul Tambat Institute of Nursing Education 28/07/2006 B.J.Medical Co-oprative College Stores 140.00 670   P 610.7362 TAM B03482 BTIN-BK-3482 11/04/2023 102.00 28/07/2006 Books B03482      
  Lost and Paid For       Smt. Bakul Tambat Institute of Nursing Education Smt. Bakul Tambat Institute of Nursing Education 28/07/2006 B.J.Medical Co-oprative College Stores 140.00 670   P 610.7362 TAM B03483 BTIN-BK-3483 11/04/2023 102.00 28/07/2006 Books B03483     Dewey Decimal Classification
          Smt. Bakul Tambat Institute of Nursing Education Smt. Bakul Tambat Institute of Nursing Education 28/07/2006 B.J.Medical Co-oprative College Stores 140.00 670   P 610.7362 TAM B03484 BTIN-BK-3484 11/04/2023 102.00 28/07/2006 Books B03484      
          Smt. Bakul Tambat Institute of Nursing Education Smt. Bakul Tambat Institute of Nursing Education 21/11/2007 B.J.Medical Co-oprative College Stores 140.00 670   P 610.7362 TAM B04304 BTIN-BK-4304 11/04/2023 105.00 28/07/2006 Books B04304      
          Smt. Bakul Tambat Institute of Nursing Education Smt. Bakul Tambat Institute of Nursing Education 21/11/2007 B.J.Medical Co-oprative College Stores 140.00 670   P 610.7362 TAM B04305 BTIN-BK-4305 11/04/2023 105.00 28/07/2006 Books B04305      
          Smt. Bakul Tambat Institute of Nursing Education Smt. Bakul Tambat Institute of Nursing Education 21/11/2007 B.J.Medical Co-oprative College Stores 140.00 670   P 610.7362 TAM B04306 BTIN-BK-4306 11/04/2023 105.00 28/07/2006 Books B04306      
          Smt. Bakul Tambat Institute of Nursing Education Smt. Bakul Tambat Institute of Nursing Education 21/11/2007 B.J.Medical Co-oprative College Stores 140.00 670   P 610.7362 TAM B04307 BTIN-BK-4307 11/04/2023 105.00 28/07/2006 Books B04307      
          Smt. Bakul Tambat Institute of Nursing Education Smt. Bakul Tambat Institute of Nursing Education 30/11/2007 M.K.S.S.S I.N.E.Ratnagiri. 130.00 670   P 610.7362 TAM B04483 BTIN-BK-4483 11/04/2023 130.00 28/07/2006 Books B04483      
          Smt. Bakul Tambat Institute of Nursing Education Smt. Bakul Tambat Institute of Nursing Education 20/12/2007 M.K.S.S.S I.N.E.Ratnagiri. 130.00 670   P 610.7362 TAM B04718 BTIN-BK-4718 11/04/2023 130.00 28/07/2006 Books B04718      
          Smt. Bakul Tambat Institute of Nursing Education Smt. Bakul Tambat Institute of Nursing Education 17/12/2009 B.J.Medical Co-oprative College Stores 160.00 670   P 610.7362 TAM B05873 BTIN-BK-5873 11/04/2023 120.00 28/07/2006 Books B05873      
          Smt. Bakul Tambat Institute of Nursing Education Smt. Bakul Tambat Institute of Nursing Education 17/12/2009 B.J.Medical Co-oprative College Stores 160.00 670   P 610.7362 TAM B05874 BTIN-BK-5874 11/04/2023 120.00 28/07/2006 Books B05874      
          Smt. Bakul Tambat Institute of Nursing Education Smt. Bakul Tambat Institute of Nursing Education 17/12/2009 B.J.Medical Co-oprative College Stores 160.00 670   P 610.7362 TAM B05875 BTIN-BK-5875 11/04/2023 120.00 28/07/2006 Books B05875      
          Smt. Bakul Tambat Institute of Nursing Education Smt. Bakul Tambat Institute of Nursing Education 17/12/2009 B.J.Medical Co-oprative College Stores 160.00 670   P 610.7362 TAM B05876 BTIN-BK-5876 11/04/2023 120.00 28/07/2006 Books B05876      
      Reference   Smt. Bakul Tambat Institute of Nursing Education Smt. Bakul Tambat Institute of Nursing Education 17/12/2009 B.J.Medical Co-oprative College Stores 160.00 670   P 610.7362 TAM B05877 BTIN-BK-5877 11/04/2023 120.00 28/07/2006 Books B05877